000 00664nam a2200253Ia 4500
003 OSt
005 20220918164855.0
006 a|||||r|||| 00| 0
007 ta
008 220917b |||||||| |||| 00| 0 eng d
020 _a0804005397
024 _a37,897
037 _cTextual
040 _aARTS
_cARTS
_beng
041 _2eng
_aeng
082 _aO13,2M96:g, 111L1
100 _aCook Albert
_921399
245 0 _aEnactment
_b Greek tragedy
260 _aChicago
_bSwallow Press
_c1971
300 _a175p.
_ccm.
650 _aENGLISH LITERATURE
942 _hO13,2M96:g, 111L1
_cTEXL
_2CC
999 _c127138
_d127138